| 000 | 00520nam a22001697a 4500 | ||
|---|---|---|---|
| 999 |
_c8392 _d8392 |
||
| 008 | 201117b ||||| |||| 00| 0 eng d | ||
| 040 | _aBMS College of Architecture | ||
| 100 | _aRagavi, S Sindhu | ||
| 245 | _aCreating future - a center for autism | ||
| 300 | _a36p. | ||
| 500 | _a1BM15AT100 | ||
| 502 |
_8B,Arch _NBMS College of Architecture, Visvesvaraya Technological University (VTU) _aProject report _d2019 |
||
| 650 | _aAutism | ||
| 700 |
_aKermen Sen _eGuide |
||
| 700 |
_aSri Ganesh _eGuide |
||
| 942 |
_2ddc _cTHE |
||